|
|
|
|
| LEADER |
00000cam a2200000 7i4500 |
| 001 |
0000008432 |
| 002 |
000009190 |
| 005 |
20000330.0 |
| 020 |
|
|
|a 9839806572
|
| 090 |
0 |
0 |
|a F
|b HAB
|
| 245 |
1 |
0 |
|a Bukan aku tak cinta
|
| 999 |
|
|
|a 043471
|b BUKU
|c PINJAMAN
|e PERPUSTAKAAN KOMUNITI PETALING JAYA
|
| 999 |
|
|
|a 043472
|b BUKU
|c PINJAMAN
|e PERPUSTAKAAN KOMUNITI PETALING JAYA
|
| 999 |
|
|
|a 043473
|b BUKU
|c PINJAMAN
|e PERPUSTAKAAN KOMUNITI PETALING JAYA
|
| 999 |
|
|
|a 044422
|b BUKU
|c PINJAMAN
|e PERPUSTAKAAN KOMUNITI CAW KOTA DAMANSARA
|
| 999 |
|
|
|a 044423
|b BUKU
|c PINJAMAN
|e PERPUSTAKAAN KOMUNITI CAW KOTA DAMANSARA
|